LEADER 02891oam 2200709M 450 001 9910783972803321 005 20230421043630.0 010 $a1-135-71660-9 010 $a0-585-45240-7 010 $a1-280-10934-3 010 $a1-135-71661-7 010 $a0-203-45410-3 024 7 $a10.4324/9780203454107 035 $a(CKB)1000000000254465 035 $a(EBL)178753 035 $a(OCoLC)663326147 035 $a(SSID)ssj0000126581 035 $a(PQKBManifestationID)11143062 035 $a(PQKBTitleCode)TC0000126581 035 $a(PQKBWorkID)10046431 035 $a(PQKB)10865352 035 $a(SSID)ssj0000292238 035 $a(PQKBManifestationID)11191812 035 $a(PQKBTitleCode)TC0000292238 035 $a(PQKBWorkID)10255429 035 $a(PQKB)11326791 035 $a(MiAaPQ)EBC178753 035 $a(Au-PeEL)EBL178753 035 $a(CaPaEBR)ebr10057616 035 $a(CaONFJC)MIL10934 035 $a(OCoLC)52742877 035 $a(OCoLC)1148140847 035 $a(OCoLC-P)1148140847 035 $a(FlBoTFG)9780203454107 035 $a(EXLCZ)991000000000254465 100 $a19951121j19960301 uy 0 101 0 $aeng 135 $aur|n||||||||| 181 $ctxt 182 $cc 183 $acr 200 14$aThe Compleat Observer? $eA Field Research Guide to Observation 210 $aNew York $cRoutledge$dMarch 1996$aFlorence $cTaylor & Francis Group [distributor] 215 $a1 online resource (151 p.) 225 1 $aQualitative studies series ;$v2 300 $aDescription based upon print version of record. 311 $a0-7507-0551-5 311 $a0-7507-0550-7 320 $aIncludes bibliographical references (p. 134-139) and index. 327 $aBook Cover; Title; Contents; Problems and Pitfalls; 'You Are Here'; 'Inside Out or Outside In?'; The Ethics of Entry; Validity and Invalidity Benefits; Checking It Out; Seeing Through The Interview; Research in the Technological Sense; Seven Types of Creativity: Observation and Data Analysis; Closely Observed Training; Administering Poison: Reporting Observations; Tales of Future Past; Bibliography; Index 330 8 $aAnnotation$bAnalyzes issues in observation for professional purposes in classrooms, discussing ethical issues; theories on the nature of observation; interviews; seven types of creativity; observing training; and reporting observations. Includes numerous vignettes. Distributed by Taylor and Francis. Annotation copyright by Book News, Inc., Portland, OR. 410 0$aQualitative studies series ;$v2. 606 $aObservation (Educational method) 615 0$aObservation (Educational method) 676 $a371.1/02 700 $aSanger$b Jack$01518564 801 0$bOCoLC-P 801 1$bOCoLC-P 906 $aBOOK 912 $a9910783972803321 996 $aThe Compleat Observer$93756176 997 $aUNINA LEADER 01330nam 2200361z- 450 001 9910689826803321 005 20161209104544.0 035 $a(CKB)5600000000181218 035 $a(BIP)012880996 035 $a(EXLCZ)995600000000181218 100 $a20211208c2004uuuu -u- - 101 0 $aeng 200 10$aTruth revealed $enew scientific discoveries regarding mercury in medicine and autism : hearing before the Subcommittee on Human Rights and Wellness of the Committee on Government Reform, House of Representatives, One Hundred Eighth Congress, second session, September 8, 2004 215 $a1 online resource (iii, 322 p.) $cill 311 $a0-16-074399-0 517 $aTruth revealed 606 $aMercury in the body 606 $aMercury$xToxicology$zUnited States 606 $aAutism in children$zUnited States$xEtiology 606 $aVaccination of children$xComplications$zUnited States 610 $aMercury 610 $aAutistic children 610 $aVaccination 610 $aMedical 610 $aFamily & relationships 615 0$aMercury in the body. 615 0$aMercury$xToxicology 615 0$aAutism in children$xEtiology. 615 0$aVaccination of children$xComplications 906 $aBOOK 912 $a9910689826803321 996 $aTruth revealed$93193462 997 $aUNINA